Σχέδιο τουριστικής ανάπτυξης δήμου Πετριτσίου : διπλωματική εργασία
Αποθηκεύτηκε σε:
| Κύριος συγγραφέας: | |
|---|---|
| Συγγραφή απο Οργανισμό/Αρχή: | |
| Άλλοι συγγραφείς: | |
| Μορφή: | Thesis Βιβλίο |
| Γλώσσα: | Greek |
| Δημοσίευση: |
2009
|
| Θέματα: | |
| Διαθέσιμο Online: | http://hdl.handle.net/11610/11508 |
| Ετικέτες: |
Προσθήκη ετικέτας
Δεν υπάρχουν, Καταχωρήστε ετικέτα πρώτοι!
|
MARC
| LEADER | 00000cam a2200000 i 4500 | ||
|---|---|---|---|
| 001 | 1/103899 | ||
| 008 | 090408s2009 gre d | ||
| 035 | |l 10104223 | ||
| 040 | |a GR-MY-UA |b gre |e aacr | ||
| 041 | 0 | |a gre | |
| 082 | 0 | |a 338.4791094956 |2 (22) | |
| 100 | 1 | |a Γκούγκας, Σπύρος. | |
| 245 | 1 | 0 | |a Σχέδιο τουριστικής ανάπτυξης δήμου Πετριτσίου : |b διπλωματική εργασία / |c Σπύρος Γκούγκας ; επιμελητής καθηγητής Πάρις Τσάρτας |
| 260 | |c 2009 | ||
| 300 | |a 94 σ.; |b διαγρ., πίν.; |c 30 εκ. | ||
| 502 | |a Διατριβή (μεταπτυχιακή) – Πανεπιστήμιο Αιγαίου, Χίος, 2009. | ||
| 504 | |a Περιλαμβάνει βιβλιογραφία | ||
| 650 | 0 | |a Tourism |z Greece |z Serrai (Nome) | |
| 650 | 0 | 0 | |a Dissertations, Academic |z Greece. |
| 700 | 1 | |a Τσάρτας, Πάρις, |d 1956- |4 ths | |
| 710 | 2 | |a Πανεπιστήμιο Αιγαίου |b Σχολή Επιστημών της Διοίκησης |b Τμήμα Διοίκησης Επιχειρήσεων |b Πρόγραμμα Μεταπτυχιακών Σπουδών "Σχεδιασμός, Διοίκηση και Πολιτική του Τουρισμού". | |
| 852 | |a INST |b CHIOS |c DIATR |e 20090408 |h 338.4791094956 ΓΚΟ |p 005200030459 |q 005200030459 |t MTXE |y 23 | ||
| 852 | |a INST |b CHIOS |c DIATR |e 20090408 |h 338.4791094956 ΓΚΟ |p 005200030475 |q 005200030475 |t MTXE |y 23 | ||
| 856 | |u http://hdl.handle.net/11610/11508 | ||
| 901 | |a BIBL2-2009-1 | ||
| 909 | |a Χ |b 147173 | ||
| 909 | |a Χ |b 147172 | ||
| 924 | |a ΓΚΟΥΓΚΑΣ |b ΣΠΥΡΟΣ |y ΧΙΟΣ |z 2009-04 | ||
| 970 | |a ΒΑΣΙΛΑΚΗ |b ΝΙΚΗ |z 2009/04/08 | ||